Low-key ventures win kudos (Record no. 75890)
[ view plain ]
| 000 -LEADER | |
|---|---|
| fixed length control field | 01279cab a2200193 4500 |
| 001 - CONTROL NUMBER | |
| control field | L130928 |
| 008 - FIXED-LENGTH DATA ELEMENTS--GENERAL INFORMATION | |
| fixed length control field | 050919n2005 000 0 eng u |
| 035 ## - SYSTEM CONTROL NUMBER | |
| System control number | (Sirsi) u130928 |
| 041 0# - LANGUAGE CODE | |
| Language code of text/sound track or separate title | eng |
| 100 1# - MAIN ENTRY--PERSONAL NAME | |
| Personal name | Dix, Carol |
| 245 ## - TITLE STATEMENT | |
| Title | Low-key ventures win kudos |
| 260 ## - PUBLICATION, DISTRIBUTION, ETC. | |
| Date of publication, distribution, etc. | 2005 |
| 490 ## - SERIES STATEMENT | |
| Series statement | Planning (for the Natural and Built Environment) |
| Volume/sequential designation | (1635) 9 September 2005, 14-15(2) |
| 520 ## - SUMMARY, ETC. | |
| Summary, etc. | Examines low-impact developments (LIDs), a groundbreaking model of sustainable rural living, and how they are beginning to secure a significant level of support from planning officials. They are defined as developments that through low negative environmental impact either enhance or do not significantly diminish environmental quality. They usually take the form of low-key agriculture or permaculture carried out in a sustainable way. LIDs generally failed to satisfy the requirements for agricultural dwellings in the countryside set out in PPG7, and PPS 7 contains no policies specifically aimed at LIDs. LIDs usually commence with temporary approvals and may progress to permanent permissions. Highlights a number of LIDs allowed on appeal. |
| 590 ## - LOCAL NOTE (RLIN) | |
| Local note | IKA270905 |
| 690 ## - LOCAL SUBJECT ADDED ENTRY--TOPICAL TERM (OCLC, RLIN) | |
| Topical term or geographic name as entry element | PROPERTY-RURAL AND NATURAL ASSETS-AGRICULTURAL PROPERTY |
| 700 1# - ADDED ENTRY--PERSONAL NAME | |
| Personal name | Bentley, John |
| 942 ## - ADDED ENTRY ELEMENTS (KOHA) | |
| Suppress in OPAC | 0 |
| Withdrawn status | Lost status | Source of classification or shelving scheme | Damaged status | Not for loan | Home library | Current library | Shelving location | Date acquired | Total Checkouts | Full call number | Barcode | Date last seen | Copy number | Price effective from | Koha item type |
|---|---|---|---|---|---|---|---|---|---|---|---|---|---|---|---|
| Dewey Decimal Classification | London | London | Journal article | 19/09/2005 | L130928 | 130928-1001 | 06/08/2019 | 1 | 06/08/2019 | Journal article |